Safo. Ahora, mientras danzamos

Αποθηκεύτηκε σε:
Λεπτομέρειες βιβλιογραφικής εγγραφής
Κύριος συγγραφέας: Safo 630 a.C - 580 a.C (autora)
Άλλοι συγγραφείς: Fariña, Soledad (traducción y autora)
Μορφή: Άγνωστο
Έκδοση: Santiago, Chile: Universidad Diego Portales, 2024.
Έκδοση:Primera edición en esta editorial.
Θέματα:
Ετικέτες: Προσθήκη ετικέτας
Δεν υπάρχουν, Καταχωρήστε ετικέτα πρώτοι!

MARC

LEADER 00000 a2200000 4500
003 CL-VaPUC
005 20240705104011.0
008 240624t2024 ||||| |||| 00| 0 eng d
999 |c 444030  |d 444028 
020 |a 978-956-314-585-4 
040 |c Pontificia Universidad Católica de Valparaíso 
082 7 |2 22  |a 884 FAR 2024 
100 |a Safo  |9 450600  |e autora  |d 630 a.C - 580 a.C 
245 |a Safo. Ahora, mientras danzamos 
250 |a Primera edición en esta editorial. 
260 |a Santiago, Chile:  |b Universidad Diego Portales,  |c 2024. 
300 |a 108 páginas. 
583 |k GC  |c 20240624 
650 0 |9 265627  |a Poesía griega 
650 0 |9 335145  |a Lesbianismo  |x Safo 
654 |2 , ca. 628-ca. 563 a.C 
700 |9 578403  |a Fariña, Soledad  |e traducción y autora 
942 |2 ddc  |c BK 
952 |0 0  |1 0  |2 ddc  |4 0  |6 884_000000000000000_FAR_2024  |7 0  |8 A  |9 595169  |a BIBART  |b BIBART  |d 2024-06-21  |e 135  |g 13500.00  |i 5661591  |o 884 FAR 2024  |p 5661591  |r 2025-03-13  |t 1  |v 13500.00  |w 2024-06-21  |y BK  |k ART